Online Catalogue and eLibrary

Good governance : (Record no. 4573)

MARC details
000 -LEADER
fixed length control field 00414nam a2200145Ia 4500
005 - DATE AND TIME OF LATEST TRANSACTION
control field 20240606014537.0
008 - FIXED-LENGTH DATA ELEMENTS--GENERAL INFORMATION
fixed length control field 240331s9999 xx 000 0 und d
082 ## - DDC Classification
Item Number - Author Mark GOO
Class No. 341
100 ## - MAIN ENTRY--PERSONAL NAME
Personal name South Asia SAP-N. ed
245 #0 - TITLE STATEMENT
Title Good governance :
Remainder of title enhancing perspective for strategic planning
260 ## - PUBLICATION, DISTRIBUTION, ETC.
Place of publication, distribution, etc. Kathmandu
Name of publisher, distributor, etc. South Asia Partnership-Nepal
Date of publication, distribution, etc. 1999
300 ## - PHYSICAL DESCRIPTION
Extent (e.g. Volumes, Pages etc.) 71 p.,
650 ## - SUBJECT ADDED ENTRY--TOPICAL TERM
Topical term or geographic name entry element Good Governance
942 ## - Koha item type (Biblio)
Koha item type Books in Stacks (Lending)
Holdings
Lost status Damaged status Collection code Home library Current library Shelving location Date acquired Full call number Accession Number Item type
    Lending WERC Library WERC Library Social Science Cupboard 03/31/2024 341.7 GOO 5959 Books in Stacks (Lending)

© WERC Library